| 000 | 00986nam a2200253 a 4500 | ||
|---|---|---|---|
| 001 | 000025969 | ||
| 005 | 20200930024207.0 | ||
| 008 | 110217s1968 sp r 000 | spa d | ||
| 040 |
_aDO-SdBNP _bspa _cBNPHU |
||
| 041 |
_aspa _heng _2Código de idioma MARC |
||
| 082 |
_a378.73 _bW137e |
||
| 100 | 1 |
_aWahlquist, John T. , _952860 |
|
| 240 | 0 |
_aState colleges and universities. _lEspañol |
|
| 245 | 1 | 3 |
_aLa enseñanza superior estatal / _cJohn T. Wahlquist, James W. Thornton ; traducción Flora Setaro. |
| 260 |
_aBuenos Aires : _bCentro Regional de Ayuda Técnica : _bAgencia para el Desarrollo Internacional, _c1968. |
||
| 300 |
_a158 p. ; _c23 cm. |
||
| 490 | 1 | _aBiblioteca de la Nueva Educación | |
| 534 |
_aTítulo original : _tState colleges and universities. |
||
| 650 | 4 |
_aEducación superior _zEstados Unidos _952861 |
|
| 700 | 1 |
_aThornton, James W. _952862 |
|
| 700 | 1 |
_aSetaro, Flora , _etr. _947137 |
|
| 830 | 0 |
_aBiblioteca de la Nueva Educación _948866 |
|
| 049 | _aBNGR | ||
| 999 |
_c25461 _d25461 |
||